Quiz sur Paris - Statistiques

Statistiques générales
  • Ce quiz a été pris 85 835 fois
    85 575 depuis la dernière actualisation
  • Le résultat moyen est 14 sur 20
Statistiques - réponses
Question Réponse % Correct
Fleuve qui traverse Paris Seine
99%
Musée le plus visité au monde Louvre
94%
Monument touché par un incendie en 2019 Notre-Dame
92%
Numéro du département 75
91%
Évènement que Paris organisa pour la troisième fois en 2024 Jeux Olympiques
89%
Maire actuel de la ville Emmanuel Grégoire
82%
Deux « bois » principaux de la capitale Bois de Boulogne
80%
Avenue sur laquelle se termine chaque année le Tour de France Champs-Élysées
76%
Butte sur laquelle on peut trouver le Sacré-Cœur Montmartre
75%
Baron connu pour sa transformation architecturale de Paris Baron Haussmann
69%
Deux « bois » principaux de la capitale Bois de Vincennes
66%
Nom de la ville jusqu'en l'an 310 Lutèce
65%
Rue la plus chère au Monopoly français Rue de la Paix
65%
Plus ancien pont de Paris, ironiquement Pont-Neuf
62%
Stations desservies par 5 lignes de métro (nommez-en une) Châtelet | République
60%
Deux plus grandes îles du département Île de la Cîté
48%
Seule ville qui est « digne de Paris » (et jumelée avec elle) Rome
48%
Deux plus grandes îles du département Île Saint-Louis
42%
Devise officielle de la ville de Paris Fluctuat nec {mergitur}
41%
Personnage historique pour qui « Paris vaut bien une messe » Henri IV
20%
Aucun quiz correspondant
Distribution des résultats
% des personnes avec chaque résultat
Percentile par nombre de réponses
Votre historique - résultats
Vous n’avez pas pris ce quiz depuis la dernière actualisation